ბათუმის შოთა რუსთაველის სახელმწიფო უნივერსიტეტის ბიბლიოთეკა

Международное уголовное право : (ბიბ.ჩანაწერი № 56789)

000 -LEADER
fixed length control field 02337nam a22003977 4500
001 - CONTROL NUMBER
control field RU/RGPU/BIBL/261855506
005 - DATE AND TIME OF LATEST TRANSACTION
control field 20190423160944.0
008 - FIXED-LENGTH DATA ELEMENTS--GENERAL INFORMATION
fixed length control field 190423s2007 ru ||||| |||| 00| 0 rus d
020 ## - INTERNATIONAL STANDARD BOOK NUMBER
International Standard Book Number 9785468001028
040 ## - CATALOGING SOURCE
Original cataloging agency 1901371X
041 00 - LANGUAGE CODE
Language code of text/sound track or separate title rus
080 00 - UNIVERSAL DECIMAL CLASSIFICATION NUMBER
Universal Decimal Classification number 341.4(076.5) Т-67
090 ## - LOCALLY ASSIGNED LC-TYPE CALL NUMBER (OCLC); LOCAL CALL NUMBER (RLIN)
Classification number (OCLC) (R) ; Classification number, CALL (RLIN) (NR) 1897185
091 00 - MICROFILM SHELF LOCATION (AM) [OBSOLETE]
Microfilm shelf location Х916.8
091 ## - MICROFILM SHELF LOCATION (AM) [OBSOLETE]
Microfilm shelf location 67.412
091 ## - MICROFILM SHELF LOCATION (AM) [OBSOLETE]
Microfilm shelf location 34М
092 00 - LOCALLY ASSIGNED DEWEY CALL NUMBER (OCLC)
Classification number 10.87
100 1# - MAIN ENTRY--PERSONAL NAME
Personal name Трикоз, Елена Николаевна
9 (RLIN) 428
245 00 - TITLE STATEMENT
Title Международное уголовное право :
Remainder of title практикум /
Medium Текст.
Statement of responsibility, etc. Е. Н. Трикоз; науч. ред. А. Х. Абашидзе
260 ## - PUBLICATION, DISTRIBUTION, ETC.
Place of publication, distribution, etc. М.
Name of publisher, distributor, etc. Норма
Date of publication, distribution, etc. 2007
300 ## - PHYSICAL DESCRIPTION
Extent 399 с.
Dimensions 21 см.
440 00 - SERIES STATEMENT/ADDED ENTRY--TITLE
Title Для юридических вузов и факультетов
9 (RLIN) 429
500 ## - GENERAL NOTE
General note В прил. включ. норматив. материалы
-- 1000 экз.
504 ## - BIBLIOGRAPHY, ETC. NOTE
Bibliography, etc. note Библиогр. в конце тем
520 ## - SUMMARY, ETC.
Summary, etc. Настоящее издание - первый в России практикум по международному уголовному праву, который включает не только тестовые задания и задачи, перечень источников и обширную библиографию по различным вопросам международного уголовного права, но и учебную программу, тематику лекционных и семинарских занятий.
521 ## - TARGET AUDIENCE NOTE
Target audience note Для студентов и преподавателей юридических вузов и факультетов.
650 ## - SUBJECT ADDED ENTRY--TOPICAL TERM
Topical term or geographic name entry element Уголовное право международное
9 (RLIN) 430
653 ## - INDEX TERM--UNCONTROLLED
keyword სამართალი
653 ## - INDEX TERM--UNCONTROLLED
keyword საერთაშორისო სისხლის სამართალი
700 ## - ADDED ENTRY--PERSONAL NAME
Personal name Абашидзе. А. Х.
Relator term Научный редактор
9 (RLIN) 432
710 ## - ADDED ENTRY--CORPORATE NAME
Miscellaneous information инновационный проект
9 (RLIN) 431
942 ## - ADDED ENTRY ELEMENTS (KOHA)
Source of classification or shelving scheme
Koha item type წიგნი
ეგზემპლარები
Withdrawn status Lost status Source of classification or shelving scheme Damaged status Not for loan Permanent Location Current Location Shelving location Date acquired Cost, normal purchase price Full call number Barcode Date last seen Copy number Price effective from Koha item type Public note
          ბათუმის შოთა რუსთაველის სახელმწიფო უნივერსიტეტის მთავარი ბიბლიოთეკა ბათუმის შოთა რუსთაველის სახელმწიფო უნივერსიტეტის მთავარი ბიბლიოთეკა წიგნსაცავი 2019-04-23 12.00 341.4(076.5) Т-67 3847 2019-04-23 3847 2019-04-23 წიგნი 12 ლ.